000 00480nam a2200157 i 4500
001 36060
003 ES-MaACL
005 20230906155304.0
007 t|
008 030217s1957 sp ||||1| spa d
100 1 _aBragado Calvo, Eladio.
_931280
245 1 3 _aEl hallazgo
_b: doctrina, legislación y casos prácticos /
_cpor Eladio Bragado Calvo.
260 _aMadrid :
_bReus,
_c1957 (
_fNuevas Gráficas)
300 _a124 p. ;
_c25 cm.
852 _aES-MaACL
_jC-12149
_bR.40150
999 _c36060
_d36060